[Event "EU-chT U18"]
[Site "Karpacz"]
[Date "2015.07.17"]
[Round "5.18"]
[White "Gorbanovsky, Oleg"]
[Black "Sirosh, Ilja"]
[Result "0-1"]
[WhiteElo "2308"]
[BlackElo "2314"]
[PlyCount "98"]
[EventDate "2015.07.13"]
[EventType "team-swiss"]
[EventRounds "7"]
[EventCountry "POL"]
[SourceTitle "CBM 167 Extra"]
[Source "ChessBase"]
[SourceDate "2015.09.14"]
[SourceVersion "1"]
[SourceVersionDate "2015.09.14"]
[SourceQuality "1"]
[WhiteTeam "Moldova (U18)"]
[BlackTeam "Estonia (U18)"]
[WhiteTeamCountry "MDA"]
[BlackTeamCountry "EST"]

1. e4 e5 2. Nf3 Nc6 3. Bb5 a6 4. Ba4 Nf6 5. 0-0 b5 6. Bb3 Bc5 7. c3 d6 8. d4 Bb6 9. Re1 0-0 10. h3 h6 11. Be3 Re8 12. Nbd2 Bd7 13. Bc2 Rb8 14. a3 Nh7 15. b4 Qf6 16. Nf1 Nf8 17. Ng3 Rbd8 18. Nh5 Qe7 19. Qd2 Kh7 20. a4 Rb8 21. Ng3 Qf6 22. Kh2 Ng6 23. Nf5 exd4 24. cxd4 Bxf5 25. exf5 Nh4 26. Nxh4 Qxh4 27. Red1 a5 28. axb5 Nxb4 29. Bb3 Qf6 30. g4 Kg8 31. Rg1 d5 32. Rad1 c6 33. Ba4 Bc7+ 34. Kh1 cxb5 35. Bb3 Qd6 36. Rg2 a4 37. g5 hxg5 38. Bxg5 Rb6 39. Rdg1 axb3 40. Be7 Qxe7 41. Rxg7+ Kh8 42. R7g4 Nc2 43. Qe2 Rh6 44. Qxe7 Rxh3+ 45. Kg2 Rh2+ 46. Kf3 Rxe7 47. Rg8+ Kh7 48. R1g7+ Kh6 49. f6 Nxd4+ 0-1

[Event "Nabokov Memorial-B 12th"]
[Site "Kiev"]
[Date "2015.04.26"]
[Round "6"]
[White "Gorbanovsky, Oleg"]
[Black "Vorontsov, Pavlo"]
[Result "0-1"]
[WhiteElo "2311"]
[BlackElo "2389"]
[PlyCount "40"]
[EventDate "2015.04.21"]
[EventType "tourn"]
[EventRounds "9"]
[EventCountry "UKR"]
[EventCategory "3"]
[SourceTitle "CBM 166 Extra"]
[Source "ChessBase"]
[SourceDate "2015.06.18"]
[SourceVersion "1"]
[SourceVersionDate "2015.06.18"]
[SourceQuality "1"]

1. e4 c5 2. Nf3 d6 3. Bb5+ Nc6 4. 0-0 Bd7 5. Re1 Nf6 6. c3 a6 7. Bf1 Bg4 8. h3 Bh5 9. d3 e6 10. Nbd2 Be7 11. Be2 d5 12. Nh4 Bxe2 13. Qxe2 Nxe4 14. dxe4 Bxh4 15. exd5 Qxd5 16. Qg4 Bf6 17. Ne4 Ne5 18. Nxf6+ gxf6 19. Qa4+ b5 20. Qe4 0-0-0 0-1

[Event "Nabokov Memorial-B 12th"]
[Site "Kiev"]
[Date "2015.04.25"]
[Round "5"]
[White "Bajarani, Ilgar"]
[Black "Gorbanovsky, Oleg"]
[Result "1/2-1/2"]
[WhiteElo "2311"]
[BlackElo "2311"]
[PlyCount "55"]
[EventDate "2015.04.21"]
[EventType "tourn"]
[EventRounds "9"]
[EventCountry "UKR"]
[EventCategory "3"]
[SourceTitle "CBM 166 Extra"]
[Source "ChessBase"]
[SourceDate "2015.06.18"]
[SourceVersion "1"]
[SourceVersionDate "2015.06.18"]
[SourceQuality "1"]

1. e4 e5 2. Nf3 Nc6 3. Bb5 a6 4. Bxc6 dxc6 5. Nc3 Qf6 6. d4 exd4 7. Qxd4 Qxd4 8. Nxd4 Bd7 9. Bf4 0-0-0 10. 0-0-0 g6 11. f3 Bg7 12. Bg5 f6 13. Bh4 Nh6 14. Nb3 b6 15. e5 g5 16. exf6 Bxf6 17. Bf2 Bxc3 18. bxc3 c5 19. Be3 Nf7 20. h3 Rhg8 21. Nd2 Bc6 22. Rde1 Nd6 23. Bf2 Rd7 24. Re5 Rf7 25. Rhe1 Rgg7 26. a3 Kd7 27. Bg3 h5 28. Re6 1/2-1/2

[Event "Nabokov Memorial-B 12th"]
[Site "Kiev"]
[Date "2015.04.23"]
[Round "3"]
[White "Gorbanovsky, Oleg"]
[Black "Skliarov, Viktor"]
[Result "0-1"]
[WhiteElo "2311"]
[BlackElo "2345"]
[PlyCount "78"]
[EventDate "2015.04.21"]
[EventType "tourn"]
[EventRounds "9"]
[EventCountry "UKR"]
[EventCategory "3"]
[SourceTitle "CBM 166 Extra"]
[Source "ChessBase"]
[SourceDate "2015.06.18"]
[SourceVersion "1"]
[SourceVersionDate "2015.06.18"]
[SourceQuality "1"]

1. e4 c5 2. Nf3 Nc6 3. Bb5 e6 4. 0-0 Nge7 5. Re1 a6 6. Bxc6 Nxc6 7. d4 cxd4 8. Nxd4 Qc7 9. Nxc6 bxc6 10. h3 Bd6 11. Nd2 0-0 12. Nf3 f6 13. b3 c5 14. c4 Bb7 15. Bb2 Rad8 16. Qd3 Qc6 17. Rad1 Bc7 18. a3 a5 19. Bc3 Ba6 20. a4 d6 21. h4 Qb6 22. Qc2 Rb8 23. Rb1 Qc6 24. Qd2 Bc8 25. Qd3 Qe8 26. Bd2 Qh5 27. Bc3 Bb7 28. Qe3 Qg4 29. Bd2 Bc6 30. Qf4 Qg6 31. Qe3 Rb7 32. Nh2 Rfb8 33. Qd3 f5 34. f3 fxe4 35. fxe4 d5 36. cxd5 exd5 37. Nf3 c4 38. Qe2 Bg3 39. exd5 Bxd5 0-1

[Event "MDA-ch"]
[Site "Kishinev"]
[Date "2015.02.04"]
[Round "9"]
[White "Gorbanovsky, Oleg"]
[Black "Sanduleac, Vasile"]
[Result "1/2-1/2"]
[WhiteElo "2377"]
[BlackElo "2393"]
[PlyCount "83"]
[EventDate "2015.01.27"]
[EventType "tourn"]
[EventRounds "11"]
[EventCountry "MDA"]
[EventCategory "2"]
[SourceTitle "CBM 164 Extra"]
[Source "ChessBase"]
[SourceDate "2015.03.02"]
[SourceVersion "1"]
[SourceVersionDate "2015.03.02"]
[SourceQuality "1"]

1. e4 g6 2. d4 Bg7 3. Nf3 d6 4. Be2 b6 5. c4 Nf6 6. Nc3 0-0 7. 0-0 Bb7 8. Qc2 c5 9. d5 Nbd7 10. Bf4 Nh5 11. Bg5 Bf6 12. Bh6 Ng7 13. Be3 a6 14. a3 Qc7 15. Rad1 Rfe8 16. h3 e6 17. Nh2 exd5 18. Nxd5 Bxd5 19. cxd5 Bd8 20. a4 Nf6 21. Bf3 Ra7 22. Rfe1 b5 23. Nf1 Rb7 24. axb5 axb5 25. Ra1 Qb8 26. Nd2 Nd7 27. Be2 c4 28. Ra6 Bb6 29. Bxb6 Rxb6 30. Rxb6 Qxb6 31. b3 Nc5 32. bxc4 b4 33. Rb1 Rb8 34. Bf3 Ne8 35. Nb3 Nf6 36. Nd4 Nfd7 37. Nc6 b3 38. Qc3 Re8 39. Nd4 Rb8 40. Nc6 Re8 41. Nd4 Rb8 42. Nc6 1/2-1/2

[Event "MDA-ch"]
[Site "Kishinev"]
[Date "2015.01.27"]
[Round "1"]
[White "Ogleznev, Alexandr"]
[Black "Gorbanovsky, Oleg"]
[Result "1/2-1/2"]
[WhiteElo "2264"]
[BlackElo "2377"]
[PlyCount "64"]
[EventDate "2015.01.27"]
[EventType "tourn"]
[EventRounds "11"]
[EventCountry "MDA"]
[EventCategory "2"]
[SourceTitle "CBM 164 Extra"]
[Source "ChessBase"]
[SourceDate "2015.03.02"]
[SourceVersion "1"]
[SourceVersionDate "2015.03.02"]
[SourceQuality "1"]

1. e4 e5 2. Nf3 Nc6 3. Bb5 a6 4. Ba4 Nge7 5. c3 g6 6. d4 exd4 7. cxd4 b5 8. Bc2 d5 9. Nc3 Bg7 10. exd5 Nb4 11. Bb3 0-0 12. 0-0 Nbxd5 13. Bg5 Nxc3 14. bxc3 Qd6 15. Bxe7 Qxe7 16. Re1 Qd6 17. Ng5 Bb7 18. Qg4 Bd5 19. Qh4 h6 20. Ne4 Qd8 21. Qf4 Re8 22. Nc5 Rxe1+ 23. Rxe1 Bxb3 24. axb3 b4 25. cxb4 Qxd4 26. Qxd4 Bxd4 27. Re7 Bxc5 28. bxc5 Rb8 29. Rxc7 Rxb3 30. g3 Kg7 31. Ra7 Rc3 32. Rxa6 Rxc5 1/2-1/2

[Event "ROM-chT"]
[Site "Calimanesti"]
[Date "2014.11.16"]
[Round "9.5"]
[White "Manolache, Marius"]
[Black "Gorbanovsky, Oleg"]
[Result "1/2-1/2"]
[WhiteElo "2504"]
[BlackElo "2378"]
[PlyCount "106"]
[EventDate "2014.11.08"]
[EventType "team-tourn"]
[EventRounds "9"]
[EventCountry "ROU"]
[SourceTitle "EXT 2016"]
[Source "ChessBase"]
[SourceDate "2015.10.08"]
[SourceVersion "1"]
[SourceVersionDate "2015.10.08"]
[SourceQuality "1"]
[WhiteTeam "Timisoara Medicina"]
[BlackTeam "Oltenia Craiova"]
[WhiteTeamCountry "ROU"]
[BlackTeamCountry "ROU"]

1. d4 Nf6 2. c4 e6 3. Nc3 Bb4 4. e3 0-0 5. Nge2 d5 6. a3 Bd6 7. c5 Be7 8. Nf4 Nbd7 9. Be2 c6 10. b4 e5 11. dxe5 Nxe5 12. Bb2 Ng6 13. Nxg6 fxg6 14. 0-0 Bf5 15. Rc1 Qd7 16. Qd4 Rad8 17. Rfe1 Rf7 18. f3 Qc7 19. Bf1 Kh8 20. Ne2 Nd7 21. Qf4 Qc8 22. Nd4 Nf8 23. Nxf5 gxf5 24. Qg3 Ng6 25. Qh3 Bh4 26. Re2 Bf6 27. Bxf6 Rxf6 28. Qg3 Re8 29. Rd1 Rfe6 30. f4 Ne7 31. Qh3 Rh6 32. Qf3 Ng8 33. Ree1 Nf6 34. Bd3 Ne4 35. Bc2 Qd8 36. Bxe4 Rxe4 37. Rd4 Re8 38. Re2 Qh4 39. Qg3 Qh5 40. Re1 Ree6 41. Qg5 Qxh2+ 42. Kf2 Ref6 43. Qg3 Qh5 44. Qf3 Qe8 45. b5 Rf8 46. Ra4 Qe7 47. Rxa7 Qxc5 48. Rxb7 cxb5 49. Rd7 Rd6 50. Rxd6 Qxd6 51. Rd1 Rd8 52. Qe2 Qe6 53. Rd4 Rc8 1/2-1/2

[Event "ROM-chT"]
[Site "Calimanesti"]
[Date "2014.11.12"]
[Round "5.4"]
[White "Gorbanovsky, Oleg"]
[Black "Dragomirescu, Calin"]
[Result "1/2-1/2"]
[WhiteElo "2378"]
[BlackElo "2148"]
[PlyCount "44"]
[EventDate "2014.11.08"]
[EventType "team-tourn"]
[EventRounds "9"]
[EventCountry "ROU"]
[SourceTitle "EXT 2015"]
[Source "ChessBase"]
[SourceDate "2014.11.20"]
[SourceVersion "1"]
[SourceVersionDate "2014.11.20"]
[SourceQuality "1"]
[WhiteTeam "Oltenia Craiova"]
[BlackTeam "Timisoara Sinandrei"]
[WhiteTeamCountry "ROU"]
[BlackTeamCountry "ROU"]

1. e4 d6 2. d4 Nf6 3. Nc3 g6 4. Nf3 Bg7 5. Be2 0-0 6. 0-0 c5 7. d5 e6 8. Bf4 e5 9. Bg5 a6 10. a4 b6 11. Nd2 Qc7 12. Nc4 Nbd7 13. Qd3 h6 14. Bd2 Rb8 15. Na3 Nh7 16. Qg3 Re8 17. h4 Ndf8 18. Rae1 Kh8 19. Bd3 Nf6 20. Be2 h5 21. f3 Qe7 22. Qf2 N8h7 1/2-1/2

[Event "ROM-chT"]
[Site "Calimanesti"]
[Date "2014.11.10"]
[Round "3.3"]
[White "Gorbanovsky, Oleg"]
[Black "Parligras, Mircea Emilian"]
[Result "0-1"]
[WhiteElo "2378"]
[BlackElo "2594"]
[PlyCount "80"]
[EventDate "2014.11.08"]
[EventType "team-tourn"]
[EventRounds "9"]
[EventCountry "ROU"]
[SourceTitle "EXT 2015"]
[Source "ChessBase"]
[SourceDate "2014.11.20"]
[SourceVersion "1"]
[SourceVersionDate "2014.11.20"]
[SourceQuality "1"]
[WhiteTeam "Oltenia Craiova"]
[BlackTeam "Timisoara Luxten"]
[WhiteTeamCountry "ROU"]
[BlackTeamCountry "ROU"]

1. e4 c5 2. Nf3 d6 3. Bb5+ Nc6 4. 0-0 Bd7 5. Nc3 e6 6. Re1 Be7 7. Bxc6 Bxc6 8. d4 cxd4 9. Qxd4 Nf6 10. Bg5 0-0 11. Rad1 Qa5 12. Bh4 Rfd8 13. Qd3 Qh5 14. Bg3 d5 15. e5 Ne4 16. Ne2 Rac8 17. Nfd4 Nxg3 18. Nxg3 Qg5 19. Re3 Qg6 20. Qf1 Ba4 21. b3 Bd7 22. Nge2 Bc5 23. Rdd3 Rf8 24. c3 Rce8 25. Qb1 f6 26. Rg3 Qf7 27. Rdf3 Qe7 28. Rh3 g6 29. Nf4 fxe5 30. Nxg6 hxg6 31. Qxg6+ Qg7 32. Qh5 Bxd4 33. Rhg3 e4 34. Rxg7+ Bxg7 35. Rh3 Rf7 36. f3 Bxc3 37. Rg3+ Kf8 38. h4 Bd4+ 39. Kh1 Be3 40. f4 Bb5 0-1

[Event "Kesarovski Georgiev Memorial 13th"]
[Site "Sunny Beach"]
[Date "2014.09.09"]
[Round "4"]
[White "Drenchev, Petar"]
[Black "Gorbanovsky, Oleg"]
[Result "1/2-1/2"]
[WhiteElo "2527"]
[BlackElo "2227"]
[PlyCount "84"]
[EventDate "2014.09.06"]
[EventType "swiss"]
[EventRounds "9"]
[EventCountry "BUL"]
[SourceTitle "CBM 162 Extra"]
[Source "ChessBase"]
[SourceDate "2014.10.17"]
[SourceVersion "1"]
[SourceVersionDate "2014.10.17"]
[SourceQuality "1"]

1. Nf3 Nf6 2. c4 b6 3. g3 Bb7 4. Bg2 g6 5. d4 Bg7 6. 0-0 0-0 7. Re1 d6 8. Qc2 Nbd7 9. Nc3 e5 10. dxe5 dxe5 11. Bg5 c6 12. Rad1 Qc7 13. b4 h6 14. Bc1 a6 15. Nd2 Rfd8 16. Nb3 Bf8 17. a3 Kh7 18. Rd3 c5 19. Bxb7 Qxb7 20. b5 e4 21. Rdd1 Ne5 22. bxa6 Qxa6 23. Rxd8 Rxd8 24. Nb5 Qc8 25. Kg2 Neg4 26. f3 Ne5 27. f4 Neg4 28. e3 h5 29. h3 Nh6 30. Bb2 Qc6 31. Bxf6 Qxf6 32. Nc3 Re8 33. Nd5 Qf5 34. Nd2 h4 35. Rb1 Bg7 36. Rxb6 Qh5 37. Nxe4 Rxe4 38. g4 Nxg4 39. Qxe4 Ne5 40. fxe5 Qe2+ 41. Kh1 Qe1+ 42. Kg2 Qe2+ 1/2-1/2

[Event "Kesarovski Georgiev Memorial 13th"]
[Site "Sunny Beach"]
[Date "2014.09.08"]
[Round "3"]
[White "Gorbanovsky, Oleg"]
[Black "Michna, Marta"]
[Result "1-0"]
[WhiteElo "2227"]
[BlackElo "2337"]
[PlyCount "73"]
[EventDate "2014.09.06"]
[EventType "swiss"]
[EventRounds "9"]
[EventCountry "BUL"]
[SourceTitle "CBM 162 Extra"]
[Source "ChessBase"]
[SourceDate "2014.10.17"]
[SourceVersion "1"]
[SourceVersionDate "2014.10.17"]
[SourceQuality "1"]

1. e4 e6 2. d4 d5 3. Nd2 Nf6 4. e5 Nfd7 5. f4 c5 6. Ngf3 Nc6 7. Nb3 c4 8. Nbd2 f5 9. Be2 Be7 10. Nf1 b5 11. Ne3 Nb6 12. 0-0 Bd7 13. Bd2 0-0 14. c3 Be8 15. Ng5 Bxg5 16. fxg5 b4 17. g4 f4 18. Ng2 Qxg5 19. Nxf4 Qe7 20. Rf2 bxc3 21. bxc3 g5 22. Nh5 Bxh5 23. Rxf8+ Rxf8 24. gxh5 Nd7 25. Qe1 h6 26. Qg3 Kh8 27. Rf1 Rxf1+ 28. Bxf1 Qa3 29. Qf2 Nd8 30. h4 Qxa2 31. hxg5 hxg5 32. Bxg5 Qxf2+ 33. Kxf2 Nf7 34. Be7 Kg7 35. Bh3 Nfxe5 36. dxe5 Nxe5 37. Bxe6 1-0

[Event "EU-chT U18"]
[Site "Iasi"]
[Date "2014.07.20"]
[Round "6.4"]
[White "Gorbanovsky, Oleg"]
[Black "Costachi, Mihnea"]
[Result "1/2-1/2"]
[WhiteElo "2172"]
[BlackElo "2228"]
[PlyCount "88"]
[EventDate "2014.07.15"]
[EventType "team-swiss"]
[EventRounds "7"]
[EventCountry "ROU"]
[SourceTitle "CBM 161 Extra"]
[Source "ChessBase"]
[SourceDate "2014.08.29"]
[SourceVersion "1"]
[SourceVersionDate "2014.08.29"]
[SourceQuality "1"]
[WhiteTeam "Moldova U18"]
[BlackTeam "Romania U18 II"]
[WhiteTeamCountry "MDA"]
[BlackTeamCountry "ROU"]

1. e4 e5 2. Nf3 Nc6 3. Bc4 Bc5 4. c3 Nf6 5. d3 a6 6. Nbd2 d6 7. Bb3 Ba7 8. h3 Be6 9. Nf1 d5 10. Ng3 dxe4 11. dxe4 Qxd1+ 12. Bxd1 0-0 13. 0-0 h6 14. Be2 Nd7 15. Nh4 Kh7 16. Nhf5 Nc5 17. Bf3 Nd3 18. b3 g6 19. Ne3 Nxc1 20. Raxc1 Bxe3 21. fxe3 a5 22. Bg4 Bxg4 23. hxg4 Kg7 24. Rcd1 Rfd8 25. Rd5 Rd6 26. a3 f6 27. Rxd6 cxd6 28. Rd1 Rd8 29. Rd5 Kf7 30. a4 Ke6 31. Rb5 Rb8 32. Rb6 Kd7 33. Nf1 Kc7 34. Rb5 b6 35. Nd2 Na7 36. Rd5 Rh8 37. Nc4 Nc8 38. Rd1 Rd8 39. Rf1 Rf8 40. g3 Ne7 41. Rd1 Rd8 42. Rf1 Rf8 43. Rd1 Rd8 44. Rf1 Rf8 1/2-1/2

[Event "EU-chT U18"]
[Site "Iasi"]
[Date "2014.07.16"]
[Round "2.5"]
[White "Urbanc, Peter"]
[Black "Gorbanovsky, Oleg"]
[Result "0-1"]
[WhiteElo "2103"]
[BlackElo "2172"]
[PlyCount "84"]
[EventDate "2014.07.15"]
[EventType "team-swiss"]
[EventRounds "7"]
[EventCountry "ROU"]
[SourceTitle "CBM 161 Extra"]
[Source "ChessBase"]
[SourceDate "2014.08.29"]
[SourceVersion "1"]
[SourceVersionDate "2014.08.29"]
[SourceQuality "1"]
[WhiteTeam "Slovenia U18"]
[BlackTeam "Moldova U18"]
[WhiteTeamCountry "SLO"]
[BlackTeamCountry "MDA"]

1. d4 Nf6 2. c4 b6 3. Nf3 e6 4. g3 Bb7 5. Bg2 Be7 6. 0-0 0-0 7. Nc3 Ne4 8. Qc2 Nxc3 9. Qxc3 c5 10. Rd1 d6 11. Qc2 Nc6 12. a3 cxd4 13. Nxd4 Nxd4 14. Rxd4 Bxg2 15. Kxg2 Qc7 16. Be3 d5 17. Rc1 Bf6 18. Rg4 Rac8 19. c5 h5 20. Rb4 Be7 21. Qb3 Bxc5 22. Rh4 Qe5 23. Bxc5 bxc5 24. Qf3 g6 25. Rc2 f5 26. Ra4 Rf7 27. b4 c4 28. Ra6 f4 29. Rc1 fxg3 30. Qxg3 Qxe2 31. Qe3 Qg4+ 32. Kh1 d4 33. Qxe6 Qf3+ 34. Kg1 Qxf2+ 35. Kh1 Qf3+ 36. Kg1 Rcf8 37. Rxa7 Qf2+ 38. Kh1 Qf3+ 39. Kg1 Kh7 40. Rxf7+ Rxf7 41. h3 Qg3+ 42. Kh1 Rf2 0-1

[Event "EU-chT U18"]
[Site "Iasi"]
[Date "2014.07.15"]
[Round "1.6"]
[White "Gorbanovsky, Oleg"]
[Black "Gajek, Radoslaw"]
[Result "1/2-1/2"]
[WhiteElo "2172"]
[BlackElo "2352"]
[PlyCount "81"]
[EventDate "2014.07.15"]
[EventType "team-swiss"]
[EventRounds "7"]
[EventCountry "ROU"]
[SourceTitle "CBM 161 Extra"]
[Source "ChessBase"]
[SourceDate "2014.08.29"]
[SourceVersion "1"]
[SourceVersionDate "2014.08.29"]
[SourceQuality "1"]
[WhiteTeam "Moldova U18"]
[BlackTeam "Poland U18"]
[WhiteTeamCountry "MDA"]
[BlackTeamCountry "POL"]

1. e4 c5 2. Nf3 d6 3. Bb5+ Bd7 4. Bxd7+ Qxd7 5. c4 Nf6 6. Nc3 g6 7. d4 cxd4 8. Nxd4 Bg7 9. f3 0-0 10. Be3 Nc6 11. 0-0 Rac8 12. Nde2 Qd8 13. Qd2 a6 14. b3 Qa5 15. a4 Rfd8 16. Rab1 e6 17. Rfd1 Nd7 18. Bg5 Bf6 19. Bxf6 Nxf6 20. Kh1 Qc5 21. h3 Nb4 22. Rbc1 Kg7 23. Nf4 Rd7 24. Nce2 Nc6 25. Qb2 Ne5 26. Nd4 Kg8 27. Rc2 Qb6 28. Nfe2 Qd8 29. Rcd2 Qe7 30. Nc2 Rcd8 31. Ne3 Nh5 32. Rf1 Qh4 33. f4 Nc6 34. Kh2 Qf6 35. Qb1 Qg7 36. Qb2 Nf6 37. Nc3 Nb4 38. Rfd1 h5 39. g3 h4 40. gxh4 Nh5 41. Nc2 1/2-1/2

[Event "Albena Masters op"]
[Site "Albena"]
[Date "2014.06.06"]
[Round "6"]
[White "Arsovic, Zoran"]
[Black "Gorbanovsky, Oleg"]
[Result "1-0"]
[WhiteElo "2442"]
[BlackElo "2157"]
[PlyCount "73"]
[EventDate "2014.06.01"]
[EventType "swiss"]
[EventRounds "9"]
[EventCountry "BUL"]
[SourceTitle "CBM 160 Extra"]
[Source "ChessBase"]
[SourceDate "2014.07.01"]
[SourceVersion "1"]
[SourceVersionDate "2014.07.01"]
[SourceQuality "1"]

1. d4 Nf6 2. Nf3 e6 3. e3 b6 4. Bd3 Bb7 5. 0-0 Be7 6. c4 0-0 7. Nc3 d5 8. cxd5 exd5 9. b3 Nbd7 10. Bb2 Re8 11. Rc1 a6 12. Ne2 Bd6 13. Ng3 g6 14. Qc2 Rc8 15. Qe2 Ra8 16. Rc2 Qe7 17. Rfc1 c6 18. Qd1 b5 19. Re2 Ne4 20. Nf1 a5 21. Ne1 Ndf6 22. f3 Ng5 23. Bb1 b4 24. Nd3 Ba6 25. Rxc6 Bb5 26. Rb6 Ba6 27. Rc6 Bb5 28. Rc1 a4 29. Qd2 a3 30. Ba1 Nd7 31. Ree1 Qf8 32. Ne5 Qh6 33. Ng3 f6 34. Bd3 Nxe5 35. dxe5 Bxe5 36. Bxe5 Bxd3 37. Bxf6 1-0

[Event "Albena Masters op"]
[Site "Albena"]
[Date "2014.06.03"]
[Round "3"]
[White "Gorbanovsky, Oleg"]
[Black "Galinsky, Timofey"]
[Result "1/2-1/2"]
[WhiteElo "2157"]
[BlackElo "2427"]
[PlyCount "64"]
[EventDate "2014.06.01"]
[EventType "swiss"]
[EventRounds "9"]
[EventCountry "BUL"]
[SourceTitle "CBM 160 Extra"]
[Source "ChessBase"]
[SourceDate "2014.07.01"]
[SourceVersion "1"]
[SourceVersionDate "2014.07.01"]
[SourceQuality "1"]

1. e4 e6 2. d3 g6 3. Nf3 Bg7 4. c3 d5 5. e5 c5 6. d4 Nc6 7. Be2 Nge7 8. Na3 Bd7 9. 0-0 0-0 10. Nc2 Rc8 11. Ne3 cxd4 12. cxd4 Qb6 13. a3 a5 14. b4 Kh8 15. b5 Na7 16. a4 Qd8 17. Ba3 Re8 18. Qd3 Nf5 19. Ra2 b6 20. g3 Bf8 21. h4 Bxa3 22. Rxa3 Qe7 23. Rb3 Nxe3 24. Qxe3 Kg7 25. Bd3 Rc7 26. Bb1 Rec8 27. Qd2 Be8 28. h5 f6 29. Kg2 gxh5 30. exf6+ Qxf6 31. Ne5 Bg6 32. Bxg6 hxg6 1/2-1/2

[Event "MDA-ch"]
[Site "Kishinev"]
[Date "2014.02.10"]
[Round "1"]
[White "Gorbanovsky, Oleg"]
[Black "Sanduleac, Vasile"]
[Result "0-1"]
[WhiteElo "2139"]
[BlackElo "2422"]
[PlyCount "100"]
[EventDate "2014.02.10"]
[EventType "tourn"]
[EventRounds "11"]
[EventCountry "MDA"]
[SourceTitle "CBM 158 Extra"]
[Source "ChessBase"]
[SourceDate "2014.02.28"]
[SourceVersion "1"]
[SourceVersionDate "2014.02.28"]
[SourceQuality "1"]

1. e4 g6 2. d4 Bg7 3. Nf3 d6 4. Be2 Nf6 5. Nc3 0-0 6. 0-0 Nc6 7. d5 Ne5 8. Nxe5 dxe5 9. Bg5 Ne8 10. Nb1 Nd6 11. Nd2 c6 12. dxc6 bxc6 13. c3 Qc7 14. Qc2 Be6 15. Nb3 f6 16. Bc1 Bf7 17. Nc5 Rfd8 18. b3 f5 19. c4 fxe4 20. Be3 Nf5 21. Qxe4 Rd6 22. Bg4 Nxe3 23. Qxe3 Rad8 24. Rad1 Rd4 25. Be2 Bf6 26. b4 Kg7 27. Rd3 Qb6 28. Rb3 Qc7 29. Rc1 a5 30. a3 h6 31. Qh3 R8d6 32. g3 axb4 33. axb4 Qa7 34. Bf1 e4 35. Rd1 Qb8 36. b5 cxb5 37. Rxb5 Qe8 38. Rc1 Rc6 39. Nb3 Rdxc4 40. Rxc4 Bxc4 41. Bxc4 Rxc4 42. Qf1 Ra4 43. h4 h5 44. Qe2 Qc8 45. Nc5 Ra1+ 46. Kh2 e3 47. fxe3 Qc6 48. e4 Rc1 49. Ne6+ Qxe6 50. e5 Kh7 0-1

[Event "Wch U16"]
[Site "Al Ain"]
[Date "2013.12.27"]
[Round "10"]
[White "Gorbanovsky, Oleg"]
[Black "Reshef, Omer"]
[Result "0-1"]
[WhiteElo "2147"]
[BlackElo "2253"]
[PlyCount "147"]
[EventDate "2013.12.18"]
[EventType "swiss"]
[EventRounds "11"]
[EventCountry "UAE"]
[SourceTitle "CBM 158 Extra"]
[Source "ChessBase"]
[SourceDate "2014.02.28"]
[SourceVersion "1"]
[SourceVersionDate "2014.02.28"]
[SourceQuality "1"]

1. e4 e5 2. Nf3 Nc6 3. Bc4 Bc5 4. c3 Nf6 5. d3 d6 6. h3 a6 7. Bb3 Ba7 8. Nbd2 0-0 9. Nf1 Ne7 10. Ng3 Ng6 11. 0-0 c6 12. d4 h6 13. Re1 Qc7 14. Nh2 Be6 15. Bc2 Rfe8 16. Ng4 Nxg4 17. hxg4 f6 18. Nf5 Ne7 19. Be3 Bf7 20. Qd2 Nxf5 21. gxf5 exd4 22. cxd4 d5 23. e5 fxe5 24. f6 e4 25. fxg7 Re6 26. Rad1 Bh5 27. f3 Bb8 28. g4 Bf7 29. fxe4 dxe4 30. Qg2 Kxg7 31. d5 cxd5 32. Rxd5 Ba7 33. Bxa7 Rxa7 34. Bxe4 Ra8 35. g5 h5 36. Rf5 Rae8 37. g6 Bxg6 38. Rg5 Qb6+ 39. Kh1 Kh8 40. Qg3 Rxe4 41. Rg1 Qc6 42. Rxh5+ Kg7 43. Qg2 R4e6 44. Qxc6 Rxc6 45. Rd5 Re7 46. Rd2 Rce6 47. Kh2 Re2+ 48. Rg2 Rxd2 49. Rxd2 Be4 50. Kg3 Rf7 51. Kg4 Bc6 52. Kg5 Rd7 53. Rf2 Rd5+ 54. Kf4 Kf6 55. Rh2 Ke6 56. Rh6+ Kd7 57. Ke3 Kc7 58. Rh2 Kb6 59. Rc2 Ra5 60. a3 Rd5 61. Rc4 Rb5 62. Rc2 Rg5 63. Rh2 Rg2 64. Rxg2 Bxg2 65. Kd4 Kb5 66. b3 Bh3 67. Kc3 Kc5 68. Kd3 Be6 69. Kc3 Bf7 70. Kb2 Kd4 71. Kc2 Be6 72. Kb2 Kd3 73. a4 a5 74. Ka2 0-1

[Event "Wch U16"]
[Site "Al Ain"]
[Date "2013.12.20"]
[Round "3"]
[White "Ostapchik, Anton"]
[Black "Gorbanovsky, Oleg"]
[Result "1/2-1/2"]
[WhiteElo "1897"]
[BlackElo "2147"]
[PlyCount "44"]
[EventDate "2013.12.18"]
[EventType "swiss"]
[EventRounds "11"]
[EventCountry "UAE"]
[SourceTitle "CBM 158 Extra"]
[Source "ChessBase"]
[SourceDate "2014.02.28"]
[SourceVersion "1"]
[SourceVersionDate "2014.02.28"]
[SourceQuality "1"]

1. e4 e5 2. Nf3 Nc6 3. Bb5 a6 4. Bxc6 dxc6 5. 0-0 f6 6. d4 Bg4 7. dxe5 Qxd1 8. Rxd1 fxe5 9. Nbd2 0-0-0 10. Re1 Bd6 11. h3 Bh5 12. g4 Bf7 13. Ng5 Rf8 14. Nxf7 Rxf7 15. Nc4 Ne7 16. Ne3 h5 17. Nf5 g6 18. Nxe7+ Bxe7 19. Kg2 hxg4 20. hxg4 Rh4 21. Kg3 Rfh7 22. Be3 Rh2 1/2-1/2

[Event "Kishinev Ghimpu Memorial op"]
[Site "Kishinev"]
[Date "2012.11.14"]
[Round "9"]
[White "Romcovici, Victor"]
[Black "Gorbanovsky, Oleg"]
[Result "0-1"]
[WhiteElo "2159"]
[BlackElo "2023"]
[PlyCount "70"]
[EventDate "2012.11.09"]
[EventType "swiss"]
[EventRounds "9"]
[EventCountry "MDA"]
[SourceTitle "EXT 2014"]
[Source "ChessBase"]
[SourceDate "2013.11.20"]
[SourceVersion "1"]
[SourceVersionDate "2013.11.20"]
[SourceQuality "1"]

1. d4 Nf6 2. Bg5 b6 3. Nc3 Bb7 4. Qd3 h6 5. Bh4 e6 6. e4 Be7 7. 0-0-0 d5 8. e5 Ne4 9. Bxe7 Qxe7 10. Nh3 c5 11. Nxe4 dxe4 12. Qe3 Nc6 13. c3 0-0 14. Kb1 Rfd8 15. Bb5 cxd4 16. cxd4 Nb4 17. Nf4 Rac8 18. Rd2 Qc7 19. Ba4 a5 20. a3 Nd5 21. Nxd5 Bxd5 22. Rc2 Qb7 23. Rhc1 Rxc2 24. Bxc2 b5 25. b3 b4 26. a4 Rc8 27. Bd1 Rxc1+ 28. Kxc1 Qe7 29. f3 exf3 30. Bxf3 Bxf3 31. gxf3 Qh4 32. Qd2 Qh3 33. Qf2 Qf5 34. Qe2 Qf4+ 35. Qd2 Qxf3 0-1